000 02034 a2200325 4500
003 NUST
005 20170116221727.0
010 _a2011944305
020 _a1111827060
020 _a9781111827069
020 _a9781133492467
035 _a(OCoLC)ocn785847811
035 _a17060080
035 _aDAW20979638
040 _cNUST
082 0 4 _a515.35
100 1 _aZill, Dennis G.,
245 1 0 _aDifferential equations with boundary-value problems /
_cDennis G. Zill, Warren S. Wright, Michael R. Cullen
_bwith boundary - value problems
250 _a8th ed.
260 _aBoston, MA :
_bBrooks/Cole, Cengage Learning,
_c2013
300 _axv, P-28, 549, APP-23, ANS-32, I-11 p. :
_bcol. ill., col. maps ;
_c29 cm
505 _a1. Introduction to Differential Equations (Page-01), 2. First-Order Differential Equations (Page-35),3. Modeling with First-Order Differential Equations (Page-83),4. Higher-Order Differential Equations (Page-116), 5. Modeling with Higher-Order Differential Equations (Page-192),6. Series Solutions of Linear Equations (Page-231), 7. Laplace Transform (Page-273), 8. Systems of Linear First-Order Differential Equations (Page-325),9. Numerical Solutions of Ordinary Differential Equations (Page362-), 10. Plane Autonomous Systems (Page-385),11. Orthogonal Functions and Fourier series (Page-419), 12. Boundary-Value Problems in Rectangular Coordinates (Page-455),13. Boundary-Value Problems in Other Coordinate Systems (Page-493), 14. Integral Transform Method (Page-510),15. Numerical Solutions of Partial Differential Equations (Page-534).
538 _aAlmirah No.44 Shelf No.5
650 0 _aBoundary value problems.
650 0 _aDifferential equations
700 1 _4aut
856 4 1 _3Contributor biographical information
_uhttp://www.loc.gov/catdir/enhancements/fy1303/2011944305-b.html
856 4 1 _3Publisher description
_uhttp://www.loc.gov/catdir/enhancements/fy1303/2011944305-d.html
856 4 1 _3Table of contents only
_uhttp://www.loc.gov/catdir/enhancements/fy1303/2011944305-t.html
942 _2ddc
_cBK
999 _c128057
_d128057